Foods - Sudden Death - Statistics

General Stats
  • This quiz has been taken 259 times
  • The average score is 16 of 23
Answers on the Grid
Answers color-coded by a green-red scale on the quiz's grid according to % correct below.
Pizza
Hamburg
Apple
Cookie
Banana
Water
Coca-Cola
Hamburger
Chilli
Orange
Orangin
Grill
Pan
Wok
Lollipop
Watermelon
Juice
Coffee
Tea
Globe
Shell
Rock
Ramen
Egg
Pork
Chicken
Beef
Ham
Pepperoni
Cheese
 
Answer Stats
Answer % Correct
Pizza
96%
Banana
84%
Apple
79%
Cookie
79%
Chilli
78%
Hamburger
78%
Orange
77%
Pepperoni
74%
Watermelon
74%
Pork
73%
Egg
72%
Cheese
71%
Chicken
70%
Beef
69%
Ham
69%
Lollipop
69%
Ramen
69%
Coca-Cola
65%
Coffee
64%
Juice
64%
Water
62%
Tea
59%
Rock
16%
No matching quizzes found
Score Distribution
Percent of People with Each Score
Percentile by Number Answered
Your Score History
You have not taken this quiz